000 00317 a2200133 4500
001 148684
040 _cEscola São Tomás de Aquino
100 _aDESCLOT, Miquel
240 1 0 _aO cardápio do astronauta
_lpor
245 1 0 _aO cardápio do astronauta
300 _a15
697 _a*LITERATURA INFANTIL
942 _cBK
999 _c148684
_d148684